Modelling Indicators of Land Governance (Record no. 116194)
[ view plain ]
| 000 -LEADER | |
|---|---|
| fixed length control field | 01388cad a22002655a 4500 |
| 001 - CONTROL NUMBER | |
| control field | L160077 |
| 008 - FIXED-LENGTH DATA ELEMENTS--GENERAL INFORMATION | |
| fixed length control field | 120529s2011 xxk g 000 0 eng d |
| 035 ## - SYSTEM CONTROL NUMBER | |
| System control number | (Sirsi) u160077 |
| 041 0# - LANGUAGE CODE | |
| Language code of text/sound track or separate title | eng |
| 110 ## - MAIN ENTRY--CORPORATE NAME | |
| Corporate name or jurisdiction name as entry element | Federation International Des Geometres |
| 111 2# - MAIN ENTRY--MEETING NAME | |
| Meeting name or jurisdiction name as entry element | FIG Working Week 2011 |
| Number [OBSOLETE] | Marrakech, Morocco |
| Location of meeting | 18-22 May 2011 |
| 245 00 - TITLE STATEMENT | |
| Title | Modelling Indicators of Land Governance |
| Medium | [electronic resource] |
| 260 ## - PUBLICATION, DISTRIBUTION, ETC. | |
| Place of publication, distribution, etc. | Morocco |
| Name of publisher, distributor, etc. | FIG |
| Date of publication, distribution, etc. | 2011 |
| 520 ## - SUMMARY, ETC. | |
| Summary, etc. | It is trying to answer the question as to what determines land governance and what factors are associated with whether governance in land matters is weak or good. It examines inter-country relationships using data on corruption in land administration, the speed, cost and number of processes required to register property and to deal with construction permits, the security of property rights, and the efficiency and transparency of the commercial property market. |
| 650 24 - SUBJECT ADDED ENTRY--TOPICAL TERM | |
| Topical term or geographic name entry element | GOVERNANCE |
| 650 24 - SUBJECT ADDED ENTRY--TOPICAL TERM | |
| Topical term or geographic name entry element | CORRUPTION |
| 650 24 - SUBJECT ADDED ENTRY--TOPICAL TERM | |
| Topical term or geographic name entry element | MARKET TRANSPARENCY |
| 651 #4 - SUBJECT ADDED ENTRY--GEOGRAPHIC NAME | |
| Geographic name | United Kingdom |
| 690 ## - LOCAL SUBJECT ADDED ENTRY--TOPICAL TERM (OCLC, RLIN) | |
| Topical term or geographic name as entry element | LAND |
| 700 1# - ADDED ENTRY--PERSONAL NAME | |
| Personal name | Grover, Richard |
| 700 1# - ADDED ENTRY--PERSONAL NAME | |
| Personal name | Grover, Christine |
| 856 40 - ELECTRONIC LOCATION AND ACCESS | |
| Uniform Resource Identifier | <a href="https://www.rics.org/Global/Downloads/RICS_FIG_Grover_R_and_C_Modelling_Land_Governance_pdf.pdf">https://www.rics.org/Global/Downloads/RICS_FIG_Grover_R_and_C_Modelling_Land_Governance_pdf.pdf</a> |
| Public note | View the presentation free of charge at www.rics.org |
| 856 40 - ELECTRONIC LOCATION AND ACCESS | |
| Uniform Resource Identifier | <a href="https://www.fig.net/fig2011/">https://www.fig.net/fig2011/</a> |
| Public note | View the item free of charge at www.fig.net |
| 942 ## - ADDED ENTRY ELEMENTS (KOHA) | |
| Suppress in OPAC | 0 |
| Withdrawn status | Lost status | Source of classification or shelving scheme | Damaged status | Not for loan | Home library | Current library | Shelving location | Date acquired | Total Checkouts | Full call number | Barcode | Date last seen | Copy number | Price effective from | Koha item type |
|---|---|---|---|---|---|---|---|---|---|---|---|---|---|---|---|
| Dewey Decimal Classification | Virtual | Virtual | Online | 21/05/2018 | ONLINE PUBLICATION | 160077-2001 | 06/08/2019 | 1 | 06/08/2019 | Book |